000 00724nam a2200157 a 4500
008 120416s1971 ||||||||||||||||| || u
020 _a0677152507
050 _aTA 417.2 Phy
100 _aMcGonnagle, Warren J
245 1 0 _aPhysics and nondestructive testing
_cedited by Warren J. McGonnagle
260 _aLondon
_bGordon and Breach Science Publishers
_c1971
300 _a3v. : ill
350 _a0.00
995 _aANNEX COLLECTION (Main Library)
_D0.00
_e716197
_FCBU-MAIN LIBRARY (Kitwe)
_H1
_I15.00
_jTA 417.2 Phy
_M2
_UAVAILABLE
_y014850
_ZAnnex Low-Usage Collection
995 _aANNEX COLLECTION (Main Library)
_D0.00
_e716198
_FCBU-MAIN LIBRARY (Kitwe)
_H2
_I15.00
_jTA 417.2 Phy
_M1
_UAVAILABLE
_y014849
_ZAnnex Low-Usage Collection
999 _c81902
_d81902